Media and public relations / (Record no. 62635)

MARC details
000 -LEADER
fixed length control field 00551nam a22001577a 4500
005 - DATE AND TIME OF LATEST TRANSACTION
control field 20120213132826.0
020 ## - INTERNATIONAL STANDARD BOOK NUMBER
International Standard Book Number 8131300641
Terms of availability 695.00
035 ## - SYSTEM CONTROL NUMBER
System control number B-216542
037 ## - SOURCE OF ACQUISITION
Stock number DPL
Source of stock number/acquisition ENG
100 ## - MAIN ENTRY--PERSONAL NAME
Personal name Singh, J. K.
245 ## - TITLE STATEMENT
Title Media and public relations /
Statement of responsibility, etc by J. K. Singh
260 ## - PUBLICATION, DISTRIBUTION, ETC. (IMPRINT)
Place of publication, distribution, etc New Delhi
Name of publisher, distributor, etc A. P. H. Publishing Corporation
Date of publication, distribution, etc 2007
300 ## - PHYSICAL DESCRIPTION
Extent x, 261p.
Dimensions 18 cms.
942 ## - ADDED ENTRY ELEMENTS (KOHA)
Source of classification or shelving scheme Dewey Decimal Classification
Item type English Books
Classification part 070.1
Call number suffix JIT
Holdings
Withdrawn status Lost status Not for loan Collection code Home library Current library Date acquired Cost, normal purchase price Full call number Barcode Cost, replacement price Koha item type Source of acquisition Copy number
      Non-fiction Kadipur Kadipur 27/06/2019 695.00 070.1 JIT B-216555 695.00 English Books BPPD/PUB 2
      Non-fiction Sarojini Nagar Sarojini Nagar 13/02/2012 695.00 070.1 JIT B-216542 695.00 English Books    

© Delhi Public Library
Hit Counter
free hit counter